| 000 | 00489nam a2200217Ia 4500 | ||
|---|---|---|---|
| 005 | 20251020182529.0 | ||
| 008 | 200515s9999 xx 000 0 und d | ||
| 082 | _a696.101/R72/1999 | ||
| 245 | 0 | _aCuartos de baño. Catálogo general | |
| 260 | _aBarcelona | ||
| 260 | _c1999 | ||
| 300 | _aRoca | ||
| 500 | _a1 ejemplar | ||
| 650 | _aACCESORIOS | ||
| 650 | _aBAÑERAS | ||
| 650 | _aBAÑOS | ||
| 650 | _aGRIFERIAS | ||
| 650 | _aHIDROMASAJES | ||
| 650 | _aJACUZZI | ||
| 942 | _cLIB | ||
| 999 |
_c2008 _d2008 |
||